| 000 | 00636nam a2200217Ia 4500 | ||
|---|---|---|---|
| 005 | 20220215112358.0 | ||
| 008 | 210716s2008 xx 000 0 und d | ||
| 020 | _a9788120327986 | ||
| 040 | _cAIMIT LIBRARY | ||
| 041 | _aeng | ||
| 082 |
_a658.3 _210 _bDESG |
||
| 100 |
_aDessler, Gary. _919935 |
||
| 245 |
_aHuman resource management : _cBy Gary Dessler. |
||
| 250 | _a10 | ||
| 260 |
_aNew Delhi : _bPrentice Hall of India ; _c2007. |
||
| 300 |
_axxvi, 725p ; _c25cm. |
||
| 650 |
_aTraining and development _919936 |
||
| 650 |
_aCompensation _919937 |
||
| 650 |
_aEmployee relations _919938 |
||
| 942 |
_2ddc _cBK _e10th _k658.3 DESG |
||
| 999 |
_c199205 _d199205 |
||